000 00270nam a2200109Ia 4500
008 230206s9999 xx 000 0 und d
022 _a0970-2385
041 _aeng
245 _aAbhigyan : The Management Journal of Fore
260 _bDirect
650 _aGeneral Management
999 _c97618
_d97618